Score 0/64 Timer 05:00
0 Plays Today
Cities Serviced Interstate Number % Correct
Los Angeles, Sacramento, Seattle5
68%
Columbus, Denver, Kansas City70
62.8%
Spokane, Buffalo, Boston90
61.8%
Fredericksburg, Miami, Newark95
61.5%
Orlando, Tampa, Daytona Beach4
60%
San Francisco, Lincoln, Akron80
58.8%
Raleigh, Albuquerque, Memphis40
57.5%
Biloxi, San Bernardino, El Paso10
57.2%
Fort Myers, Toledo, Knoxville75
57.2%
Indianapolis, Montgomery65
56.3%
Las Vegas, Pocatello, San Diego15
55.7%
Detroit, St. Paul, Madison94
55.7%
Des Moines, Wichita, Duluth35
54.2%
Richmond, Louisville, Norfolk64
54.2%
Honolulu, Pearl CityH1
54.2%
Albany, New York City87
53.2%
St. Louis, Memphis, Jackson55
52.6%
Roanoke, Syracuse, Scranton81
52.6%
Portland OR, Boise, Hartford84
52.6%
Albuquerque, Colorado Springs25
52%
Yuma, San Diego, Phoenix8
51.4%
Louisville, Cincinnati, Columbus71
51.4%
Flagstaff, Phoenix17
51.1%
Philadelphia, Akron, Denver76
51.1%
Little Rock, Fort Worth30
50.8%
Charlotte, Cleveland, Beckley77
50.5%
Atlanta, Durham, Spartanburg85
49.8%
Nashville, Paducah, Chattanooga24
49.2%
Erie, Pittsburgh, Clarksburg79
48.6%
Wahiawa, Pearl CityH2
48.6%
New York City, Allentown78
48.3%
New Haven, Springfield MA91
48.3%
Cities Serviced Interstate Number % Correct
Savannah, Macon16
48%
Abilene, Shreveport, Florence20
48%
Manchester, Boston, Quincy93
47.4%
Galveston, Houston, Dallas45
47.1%
Mt. Airy, Peoria, Cincinnati74
47.1%
Kaneohe, HalawaH3
47.1%
Green Bay, Milwaukee43
46.8%
Champaign, Cairo, Chicago57
46.2%
Fairfax, Washington, Arlington66
46.2%
Port Huron, Lansing, Fort Wayne69
46.2%
Fargo, Omaha, Kansas City29
45.8%
Lansing, Grand Rapids, Detroit96
45.8%
Johnson City, Columbia SC26
45.2%
Tucson, Nogales19
44.6%
York, Baltimore, Harrisburg83
44.3%
Altoona, State College PA99
44.3%
Baton Rouge, Slidell12
43.7%
Corpus Christi, San Antonio37
42.5%
Binghamton, Chicago, Albany88
41.5%
Concord, Burlington, Montpelier89
41.2%
Elmira, Pocatello, Erie86
40.9%
Amarillo, Lubbock27
40.3%
Morgantown, Cumberland MD68
40.3%
Lafayette, Shreveport49
40%
Madison, Bloomington, Rockford39
39.7%
Tuscaloosa, Hattiesburg59
39.4%
Annapolis, Glen Burnie MD97
39.4%
Yakima, Kennewick WA82
39.1%
Decatur, Hannibal, Springfield IL72
38.5%
Wichita Falls, Springfield44
37.5%
Greensboro, Asheboro73
36.9%
Birmingham, Tupelo, Memphis22
35.7%

You're not logged in!

Compare scores with friends on all Sporcle quizzes.
OR
Log In

Sporcle TV

Today on Sporcle TV


Watch our educational content, quiz creation guides, and fun videos on Sporcle TV.

Show Comments

Extras

Top Quizzes Today


Score Distribution

Paid Content

Your Account Isn't Verified!

In order to create a playlist on Sporcle, you need to verify the email address you used during registration. Go to your Sporcle Settings to finish the process.

Report this User

Report this user for behavior that violates our Community Guidelines.

Details: